Smery uplatnenia exaktných metód v plánovaní investičného procesu 2. etapa: Modely analýzy a kontroly tvorby a realizácie plánu investičnej výstavby. Čiastková úloha SPEV 902 - 003/05
Gespeichert in:
| Format: | Buch |
|---|---|
| Sprache: | Slowakisch |
| Veröffentlicht: |
Bratislava
Vysoká škola ekonomická
1982
|
| Ausgabe: | 1. vyd. |
| Tags: |
Keine Tags, Fügen Sie das erste Tag hinzu!
|
MARC
| LEADER | 00000nam a2200000 4500 | ||
|---|---|---|---|
| 001 | c029484 | ||
| 005 | 20221220100006.6 | ||
| 041 | 0 | |a slo | |
| 044 | |a SK | ||
| 245 | 1 | 0 | |a Smery uplatnenia exaktných metód v plánovaní investičného procesu |b 2. etapa: Modely analýzy a kontroly tvorby a realizácie plánu investičnej výstavby. Čiastková úloha SPEV 902 - 003/05 |
| 250 | |a 1. vyd. | ||
| 264 | 1 | |a Bratislava |b Vysoká škola ekonomická |c 1982 | |
| 300 | |a 112 s. | ||